000 01418nam a2200277Ia 4500
999 _c52913
_d52913
001 19943
003 GE_BSU
005 20200518154507.0
008 181216s1976||||ge |||||||||||||| ||geo||
040 _cGE_BSU
041 _ageo
080 _a811.353.1'282 ა–95
245 _aაჭარული დიალექტის დარგობრივი ლექსიკა : კრ. 1 :
_bსტატიების კრებული /
_cრედ. შ.ძიძიგური.
264 _aთბილისი :
_bმეცნიერება,
_c1976.
300 _a98 გვ. ;
_c21 სმ.
541 _h1ლ.
546 _aსტატიების ბოლოს რეზიუმე რუსულ ენაზე
653 _aაჭარული დიალექტის დარგობრივი ლექსიკა
653 _aქართული ენა
653 _aქართული ენის დიალექტები
653 _aაჭარული დიალექტის ლექსიკა
700 _aძიძიგური, შ.
_eრედაქტორი
_92258
710 _aსაქ. სსრ მეცნიერებათა აკადემია
_98053
710 _aბათუმის სამეცნიერო-კვლევითი ინსტისუტი
_98078
942 _cBK
_2udc